000 00428nam a2200181Ia 4500
001 18015
005 20260306171559.0
008 260306s9999||||xx |||||||||||||| ||und||
041 _aESP
082 _a658.3124
_bP83
100 _aPozo Delgado, Pilar del
_eAUT
245 0 _aFormación de formadores
260 _c2012
300 _a142 páginas :
_c23 cm.
650 _aGEN
654 _aCAN
942 _cLIB
_dJUS
_fJUS
_2ddc
_n
999 _c18015
_d18015